[Event "ESP-chT 2nd Division 2019"]
[Site "Linares"]
[Date "2019.08.23"]
[Round "7.6"]
[White "Moreno Trujillo, Alejandro"]
[Black "Jones, Gawain C B"]
[Result "1/2-1/2"]
[WhiteElo "2519"]
[BlackElo "2692"]
[Annotator "TA"]
[PlyCount "121"]
[EventDate "2019.08.19"]
[EventType "team-tourn"]
[EventCountry "ESP"]
[SourceTitle "playchess.com"]
[Source "ChessBase"]
[SourceQuality "1"]

{[%evp 19,121,0,4,30,23,13,32,20,29,27,37,11,35,13,37,13,43,12,34,-10,12,7,28,20,31,20,27,22,36,10,2,7,41,41,41,41,41,41,70,41,55,49,49,49,53,0,0,0,0,0,0,0,4,0,0,0,0,0,0,0,0,0,0,0,0,0,0,0,0,0,0,0,0,0,0,0,0,0,0,0,0,0,0,0,0,0,0,0,0,0,0,0,0,0,0,0,0,0,0,0,0,0,0,-29985]} 1. d4 Nf6 2. c4 g6 3. Nc3 Bg7 4. e4 d6 5. Nf3 O-O 6. h3 e5 7. d5 a5 8. Bg5 Na6 9. Nd2 Qe8 10. Be2 Nd7 $1 11. a3 {E92: King's Indian: Classical: 6 Be2 e5: 7 dxe5, 7 Be3 and Petrosian System without 7...Nbd7} f6 12. Bh4 f5 $146 ({Predecessor:} 12... Nb6 13. b3 Bh6 14. Rb1 Nc5 15. O-O f5 16. b4 axb4 17. axb4 Nxe4 18. Ndxe4 fxe4 {½-½ (48) Navara,D (2724)-Nakamura,H (2775) Prague 2014}) 13. b4 {White is slightly better.} b6 14. O-O Bf6 15. Bg3 Bg5 16. Rb1 Nf6 17. Kh1 Bd7 18. Qc2 Rf7 19. Qd3 Bxd2 20. Qxd2 f4 21. Bh4 Qf8 22. f3 Qh6 23. Bxf6 Rxf6 24. Bd3 g5 25. Kg1 Qf8 26. Nd1 Rg6 27. Nf2 h5 28. Be2 Kh7 29. Rfc1 Qc8 30. Rc3 Qb7 31. Qc1 Qa7 32. c5 (32. Rc2 $14) 32... bxc5 $11 {[%cal Ra5b4] The position is equal.} 33. Bxa6 $1 {[#] Strongly threatening Bf1.} axb4 34. axb4 Qxa6 35. bxc5 Rg7 36. Qb2 (36. Qd1 {is more complex.} Qa4 37. Qxa4 Rxa4 38. cxd6 cxd6 39. Rb7) 36... g4 37. fxg4 hxg4 38. hxg4 Bxg4 39. cxd6 cxd6 40. Nxg4 Rxg4 41. Qb7+ Kg6 {( -> ...Qe2!)} 42. Qd7 Qa7+ 43. Qxa7 Rxa7 {[%mdl 4096] Endgame KRR-KRR} 44. Rb2 Ra4 45. Rc6 Rxe4 46. Rxd6+ Kf5 47. Rd8 $1 Rd4 48. Rf8+ Ke4 49. Re2+ Kxd5 {And now ...e4 would win.} 50. Rd8+ Kc4 51. Rc8+ Kd5 {...e4 is the strong threat.} 52. Rd8+ Kc6 53. Rc2+ Kb7 54. Rxd4 exd4 {KR-KR} 55. Kf2 d3 56. Rc4 d2 57. Rd4 {[#]} f3 $1 {[%mdl 512]} 58. Rxd2 (58. Kxf3 Rxd4) 58... Rxg2+ 59. Ke3 f2 60. Rxf2 Rxf2 61. Ke4 $2 {[%mdl 40960] Accuracy: White = 70%, Black = 64%. . An unexpected result.} (61. Kxf2 $11 Kc8) 1/2-1/2

[Event "ESP-chT 2nd Division 2019"]
[Site "Linares"]
[Date "2019.08.23"]
[Round "7.7"]
[White "Del Rio De Angelis, Salvador G."]
[Black "Nayhebaver, Martin"]
[Result "1-0"]
[WhiteElo "2472"]
[BlackElo "2469"]
[Annotator "ChessBase"]
[PlyCount "97"]
[EventDate "2019.08.19"]
[EventType "team-tourn"]
[EventCountry "ESP"]
[SourceTitle "playchess.com"]
[Source "ChessBase"]
[SourceQuality "1"]
[TimeControl "5400+30"]

1. d4 {[%emt 0:00:00]} Nf6 {[%emt 0:00:08]} 2. c4 {[%emt 0:00:15]} e6 {[%emt 0:00:45]} 3. Nc3 {[%emt 0:00:33]} Bb4 {[%emt 0:00:44]} 4. e3 {[%emt 0:00:36]} O-O {[%emt 0:00:40]} 5. Bd3 {[%emt 0:00:17]} d5 {[%emt 0:02:07]} 6. a3 {[%emt 0:01:14]} dxc4 {[%emt 0:05:09]} 7. Bxc4 {[%emt 0:00:48]} Be7 {[%emt 0:01:02]} 8. Nf3 {[%emt 0:02:30]} b6 {[%emt 0:01:30]} 9. O-O {[%emt 0:04:27]} Bb7 {[%emt 0:00:44]} 10. Qe2 {[%emt 0:00:43]} Ne4 {[%emt 0:04:45]} 11. Nxe4 {[%emt 0:03:18]} Bxe4 {[%emt 0:00:06]} 12. Rd1 {[%emt 0:00:23]} Qc8 {[%emt 0:03:06]} 13. b4 {[%emt 0:04:05]} Qb7 {[%emt 0:02:29]} 14. Bb2 {[%emt 0:10:42]} a6 {[%emt 0:09:08]} 15. Nd2 {[%emt 0:05:42]} Bc6 {[%emt 0:04:31]} 16. Qg4 {[%emt 0:04:38]} Bd5 {[%emt 0:02:24]} 17. e4 {[%emt 0:06:05]} f5 {[%emt 0:02:23]} 18. Bxd5 {[%emt 0:00:10]} exd5 {[%emt 0:00:29]} 19. exf5 {[%emt 0:00:05]} Qc8 {[%emt 0:02:27]} 20. Re1 {[%emt 0:00:09]} Bd6 {[%emt 0:00:07]} 21. Re6 {[%emt 0:00:07]} Nc6 {[%emt 0:00:15]} 22. Ne4 {[%emt 0:07:12]} Qd8 {[%emt 0:21:32]} 23. Ng5 {[%emt 0:08:17]} Qd7 {[%emt 0:03:43]} 24. Rae1 {[%emt 0:03:34]} Nd8 {[%emt 0:02:14]} 25. R6e3 {[%emt 0:06:35]} Nf7 {[%emt 0:02:10]} 26. Ne6 {[%emt 0:00:30]} Nh6 {[%emt 0:01:14]} 27. Nxf8 {[%emt 0:00:13]} Bxh2+ {[%emt 0:06:14]} 28. Kh1 {[%emt 0:00:05]} Rxf8 {[%emt 0:00:05]} 29. Qf3 {[%emt 0:00:47]} Bd6 {[%emt 0:01:23]} 30. Qxd5+ {[%emt 0:00:23]} Kh8 {[%emt 0:00:02]} 31. Qe6 {[%emt 0:01:24]} Qd8 {[%emt 0:01:37]} 32. f6 {[%emt 0:01:21]} Qxf6 {[%emt 0:00:28]} 33. Qxf6 {[%emt 0:00:05]} gxf6 {[%emt 0:00:04]} 34. Rf3 {[%emt 0:00:38]} Kg7 {[%emt 0:00:30]} 35. Bc1 {[%emt 0:01:27]} Ng8 {[%emt 0:03:51]} 36. Bf4 {[%emt 0:01:38]} Bxf4 {[%emt 0:00:15]} 37. Rxf4 {[%emt 0:00:06]} Rd8 {[%emt 0:00:03]} 38. Rg4+ {[%emt 0:02:23]} Kf7 {[%emt 0:01:16]} 39. Rh4 {[%emt 0:00:09]} h6 {[%emt 0:00:57]} 40. Rc1 {[%emt 0:00:54]} Rd7 {[%emt 0:00:08]} 41. Rc3 {[%emt 0:00:54]} f5 {[%emt 0:00:55]} 42. Rc6 {[%emt 0:00:22]} Kg7 {[%emt 0:00:40]} 43. Kg1 {[%emt 0:02:45]} Nf6 {[%emt 0:00:53]} 44. Rf4 {[%emt 0:00:59]} Nd5 {[%emt 0:01:02]} 45. Rh4 {[%emt 0:00:34]} Nf6 {[%emt 0:01:16]} 46. Kf1 {[%emt 0:02:36]} h5 {[%emt 0:01:01]} 47. Rh3 f4 48. Rd3 {[%emt 0:02:39]} Kg6 {[%emt 0:00:51]} 49. d5 {[%emt 0:00:54]} 1-0

[Event "ESP-chT 2nd Division 2019"]
[Site "Linares"]
[Date "2019.08.23"]
[Round "7.8"]
[White "Khamrakulov, Ibragim S."]
[Black "Iruzubieta Villaluenga, Jesus M"]
[Result "0-1"]
[WhiteElo "2429"]
[BlackElo "2438"]
[Annotator "ChessBase"]
[PlyCount "74"]
[EventDate "2019.08.19"]
[EventType "team-tourn"]
[EventCountry "ESP"]
[SourceTitle "playchess.com"]
[Source "ChessBase"]
[SourceQuality "1"]
[TimeControl "5400+30"]

1. e4 {[%emt 0:07:17]} e5 {[%emt 0:00:00]} 2. Nf3 {[%emt 0:00:54]} Nc6 {[%emt 0:00:00]} 3. Bc4 {[%emt 0:00:22]} Nf6 {[%emt 0:00:00]} 4. d3 {[%emt 0:00:21]} h6 {[%emt 0:00:10]} 5. O-O {[%emt 0:00:10]} d6 {[%emt 0:00:08]} 6. Nc3 {[%emt 0:01:20]} Na5 {[%emt 0:00:37]} 7. Bb3 {[%emt 0:02:52]} Nxb3 {[%emt 0:04:13]} 8. axb3 {[%emt 0:00:07]} Be7 {[%emt 0:05:30]} 9. d4 {[%emt 0:00:09]} exd4 {[%emt 0:00:36]} 10. Qxd4 {[%emt 0:00:14]} a6 {[%emt 0:01:39]} 11. b4 {[%emt 0:00:57]} Bg4 {[%emt 0:23:48]} 12. Nd2 {[%emt 0:00:35]} O-O {[%emt 0:01:38]} 13. Nc4 {[%emt 0:04:10]} Re8 {[%emt 0:15:16]} 14. h3 {[%emt 0:02:19]} Be6 {[%emt 0:00:53]} 15. Bf4 {[%emt 0:00:18]} d5 {[%emt 0:05:08]} 16. exd5 {[%emt 0:19:08]} Bxb4 {[%emt 0:09:16]} 17. Ne3 {[%emt 0:00:57]} Bxc3 {[%emt 0:04:18]} 18. Qxc3 {[%emt 0:02:57]} Nxd5 {[%emt 0:00:24]} 19. Nxd5 {[%emt 0:00:08]} Qxd5 {[%emt 0:00:20]} 20. Bxc7 {[%emt 0:00:18]} Rac8 {[%emt 0:05:02]} 21. Qg3 {[%emt 0:00:30]} Bxh3 {[%emt 0:04:00]} 22. gxh3 {[%emt 0:04:40]} Re6 {[%emt 0:00:15]} 23. Ra4 {[%emt 0:01:45]} h5 {[%emt 0:03:48]} 24. Ra5 {[%emt 0:05:54]} b5 {[%emt 0:00:36]} 25. c4 {[%emt 0:00:06]} Qxc4 {[%emt 0:07:15]} 26. Bf4 {[%emt 0:02:26]} Rg6 {[%emt 0:00:24]} 27. Bg5 {[%emt 0:02:10]} f6 {[%emt 0:01:11]} 28. h4 {[%emt 0:01:02]} fxg5 {[%emt 0:00:16]} 29. hxg5 {[%emt 0:00:14]} Qc5 {[%emt 0:00:25]} 30. Kh1 {[%emt 0:06:36]} Rxg5 {[%emt 0:00:21]} 31. Qb3+ {[%emt 0:00:09]} Qc4 {[%emt 0:01:00]} 32. Qxc4+ {[%emt 0:05:20]} Rxc4 {[%emt 0:00:02]} 33. f4 {[%emt 0:00:10]} Rf5 {[%emt 0:00:09]} 34. Rxa6 {[%emt 0:00:23]} Rcxf4 {[%emt 0:00:08]} 35. Rg1 {[%emt 0:00:55]} Rh4+ {[%emt 0:00:36]} 36. Kg2 {[%emt 0:00:07]} Rg5+ {[%emt 0:00:21]} 37. Kf2 {[%emt 0:00:11]} Rh2+ {[%emt 0:00:11]} 0-1

[Event "ESP-chT 2nd Division 2019"]
[Site "Linares"]
[Date "2019.08.23"]
[Round "7.9"]
[White "Trigo Urquijo, Sergio"]
[Black "Soham Das"]
[Result "1/2-1/2"]
[WhiteElo "2385"]
[BlackElo "2339"]
[Annotator "ChessBase"]
[PlyCount "61"]
[EventDate "2019.08.19"]
[EventType "team-tourn"]
[EventCountry "ESP"]
[SourceTitle "playchess.com"]
[Source "ChessBase"]
[SourceQuality "1"]
[TimeControl "5400+30"]

1. e4 {[%emt 0:00:00]} c5 {[%emt 0:00:27]} 2. Nf3 {[%emt 0:00:00]} d6 {[%emt 0:00:43]} 3. Bb5+ {[%emt 0:00:00]} Bd7 {[%emt 0:00:07]} 4. Bxd7+ {[%emt 0:00:12]} Nxd7 {[%emt 0:00:01]} 5. O-O {[%emt 0:00:33]} Ngf6 {[%emt 0:00:34]} 6. Qe2 {[%emt 0:00:25]} Rc8 {[%emt 0:04:31]} 7. b3 {[%emt 0:03:08]} g6 {[%emt 0:01:08]} 8. Bb2 {[%emt 0:01:47]} Bg7 {[%emt 0:00:21]} 9. c4 {[%emt 0:02:48]} e5 {[%emt 0:00:20]} 10. Nc3 {[%emt 0:05:58]} Nf8 {[%emt 0:00:40]} 11. Nd5 {[%emt 0:05:08]} Ne6 {[%emt 0:00:38]} 12. g3 {[%emt 0:03:20]} O-O {[%emt 0:08:46]} 13. d3 {[%emt 0:06:47]} Nxd5 {[%emt 0:16:03]} 14. cxd5 {[%emt 0:10:58]} Nd4 {[%emt 0:00:01]} 15. Nxd4 {[%emt 0:10:30]} exd4 {[%emt 0:17:27]} 16. f4 {[%emt 0:04:09]} f5 {[%emt 0:08:35]} 17. exf5 {[%emt 0:01:09]} Re8 {[%emt 0:00:02]} 18. Qg4 {[%emt 0:02:47]} Qd7 {[%emt 0:00:09]} 19. Rae1 {[%emt 0:01:19]} Qxf5 {[%emt 0:02:19]} 20. Qxf5 {[%emt 0:06:47]} gxf5 {[%emt 0:00:07]} 21. Rxe8+ {[%emt 0:00:39]} Rxe8 {[%emt 0:00:01]} 22. Kf2 {[%emt 0:00:19]} Kf7 {[%emt 0:00:40]} 23. Re1 {[%emt 0:03:26]} Rxe1 {[%emt 0:01:20]} 24. Kxe1 {[%emt 0:00:06]} b5 {[%emt 0:00:05]} 25. Bc1 {[%emt 0:01:36]} a5 {[%emt 0:00:45]} 26. a4 {[%emt 0:00:59]} b4 {[%emt 0:00:21]} 27. Ke2 {[%emt 0:00:15]} Kg6 {[%emt 0:00:11]} 28. Kf3 {[%emt 0:00:10]} h5 {[%emt 0:00:11]} 29. Bd2 {[%emt 0:00:46]} Bf6 {[%emt 0:00:28]} 30. h3 {[%emt 0:00:47]} Be7 {[%emt 0:00:06]} 31. Be1 {[%emt 0:00:29]} 1/2-1/2

[Event "ESP-chT 2nd Division 2019"]
[Site "Linares"]
[Date "2019.08.23"]
[Round "7.10"]
[White "Calzetta Ruiz, Monica"]
[Black "Sosa Suarez, Carla Cristina"]
[Result "0-1"]
[WhiteElo "2257"]
[BlackElo "2135"]
[Annotator "ChessBase"]
[PlyCount "64"]
[EventDate "2019.08.19"]
[EventType "team-tourn"]
[EventCountry "ESP"]
[SourceTitle "playchess.com"]
[Source "ChessBase"]
[SourceQuality "1"]
[TimeControl "5400+30"]

1. e4 {[%emt 0:00:41]} e6 {[%emt 0:00:00]} 2. d4 {[%emt 0:00:10]} d5 {[%emt 0:00:00]} 3. Nd2 {[%emt 0:00:11]} Be7 {[%emt 0:00:00]} 4. e5 {[%emt 0:00:33]} c5 {[%emt 0:00:00]} 5. c3 {[%emt 0:00:17]} Nc6 {[%emt 0:00:00]} 6. Bd3 {[%emt 0:00:15]} Bd7 {[%emt 0:00:11]} 7. Ndf3 {[%emt 0:04:02]} f6 {[%emt 0:01:08]} 8. Ne2 {[%emt 0:02:16]} fxe5 {[%emt 0:00:43]} 9. dxe5 {[%emt 0:03:50]} Qc7 {[%emt 0:01:01]} 10. Bf4 {[%emt 0:07:53]} Nh6 {[%emt 0:01:18]} 11. Ng3 {[%emt 0:22:00]} Nf7 {[%emt 0:05:09]} 12. h4 {[%emt 0:00:15]} O-O-O {[%emt 0:03:30]} 13. Qe2 {[%emt 0:00:05]} g6 {[%emt 0:03:07]} 14. O-O-O {[%emt 0:06:36]} c4 {[%emt 0:05:51]} 15. Bb1 {[%emt 0:04:32]} Kb8 {[%emt 0:01:23]} 16. Qe3 {[%emt 0:08:41]} Ka8 {[%emt 0:04:15]} 17. Ne2 {[%emt 0:00:20]} b5 {[%emt 0:01:42]} 18. Ned4 {[%emt 0:01:13]} Nxd4 {[%emt 0:00:35]} 19. Nxd4 {[%emt 0:01:17]} b4 {[%emt 0:01:12]} 20. Rh3 {[%emt 0:16:00]} Rb8 {[%emt 0:04:09]} 21. Nc2 {[%emt 0:14:30]} bxc3 {[%emt 0:04:10]} 22. Qxc3 {[%emt 0:00:07]} Rhc8 {[%emt 0:03:34]} 23. Rf3 {[%emt 0:02:30]} Ba4 {[%emt 0:07:09]} 24. Rd2 {[%emt 0:02:07]} Rb7 {[%emt 0:06:50]} 25. Nd4 {[%emt 0:01:13]} Qd7 {[%emt 0:01:21]} 26. Qa5 {[%emt 0:00:41]} Bb4 {[%emt 0:01:00]} 27. Qa6 {[%emt 0:00:12]} Rb6 {[%emt 0:00:59]} 28. Qxc8+ {[%emt 0:00:31]} Qxc8 {[%emt 0:00:04]} 29. Re2 {[%emt 0:00:13]} Bc5 {[%emt 0:05:25]} 30. Rd2 {[%emt 0:01:11]} Qb7 {[%emt 0:02:22]} 31. Bg3 {[%emt 0:00:36]} Bxd4 {[%emt 0:01:24]} 32. Rxd4 {[%emt 0:00:02]} Rxb2 {[%emt 0:00:41]} 0-1

[Event "ESP-chT 2nd Division 2019"]
[Site "Linares"]
[Date "2019.08.23"]
[Round "7.11"]
[White "Gamundi Salamanca, Antonio"]
[Black "Bernabeu Lopez, Carlos Javier"]
[Result "1/2-1/2"]
[WhiteElo "2444"]
[BlackElo "2370"]
[Annotator "ChessBase"]
[PlyCount "125"]
[EventDate "2019.08.19"]
[EventType "team-tourn"]
[EventCountry "ESP"]
[SourceTitle "playchess.com"]
[Source "ChessBase"]
[SourceQuality "1"]
[TimeControl "5400+30"]

1. d4 {[%emt 0:00:00]} Nf6 {[%emt 0:00:32]} 2. Nf3 {[%emt 0:00:00]} g6 {[%emt 0:00:36]} 3. Bg5 {[%emt 0:00:04]} Bg7 {[%emt 0:00:16]} 4. Nbd2 {[%emt 0:00:30]} d5 {[%emt 0:00:24]} 5. e3 {[%emt 0:00:07]} O-O {[%emt 0:00:28]} 6. Bd3 {[%emt 0:00:28]} c6 {[%emt 0:03:53]} 7. O-O {[%emt 0:00:38]} Bg4 {[%emt 0:01:51]} 8. h3 {[%emt 0:00:35]} Bxf3 {[%emt 0:00:07]} 9. Nxf3 {[%emt 0:00:02]} Nbd7 {[%emt 0:00:52]} 10. c4 {[%emt 0:01:10]} e6 {[%emt 0:02:25]} 11. Rc1 {[%emt 0:06:15]} Re8 {[%emt 0:05:05]} 12. cxd5 {[%emt 0:04:15]} exd5 {[%emt 0:00:25]} 13. b4 {[%emt 0:00:02]} a6 {[%emt 0:03:17]} 14. a4 {[%emt 0:01:02]} Re6 {[%emt 0:15:29]} 15. b5 cxb5 {[%emt 0:02:40]} 16. axb5 {[%emt 0:04:06]} a5 {[%emt 0:01:35]} 17. Qc2 {[%emt 0:06:21]} Bf8 {[%emt 0:03:05]} 18. Qc7 {[%emt 0:03:57]} Bd6 {[%emt 0:01:19]} 19. Qxd8+ {[%emt 0:02:56]} Rxd8 {[%emt 0:01:17]} 20. Rc2 {[%emt 0:02:53]} Ra8 {[%emt 0:00:41]} 21. Rfc1 {[%emt 0:01:35]} Ree8 {[%emt 0:15:25]} 22. Bf4 {[%emt 0:10:14]} Bxf4 {[%emt 0:01:50]} 23. exf4 {[%emt 0:01:16]} Nb6 {[%emt 0:00:27]} 24. Ne5 {[%emt 0:02:05]} Rec8 {[%emt 0:01:04]} 25. Kf1 {[%emt 0:08:01]} Rxc2 {[%emt 0:02:08]} 26. Rxc2 {[%emt 0:00:18]} a4 {[%emt 0:02:32]} 27. Ke2 {[%emt 0:09:17]} a3 {[%emt 0:00:56]} 28. Ra2 {[%emt 0:00:21]} Ne4 {[%emt 0:01:49]} 29. Ra1 {[%emt 0:00:07]} a2 {[%emt 0:04:21]} 30. Ng4 {[%emt 0:08:07]} Nd6 {[%emt 0:01:26]} 31. Ne3 {[%emt 0:02:15]} Ra4 {[%emt 0:04:11]} 32. g3 {[%emt 0:06:04]} Ne4 {[%emt 0:02:30]} 33. Nd1 {[%emt 0:04:10]} Ra3 {[%emt 0:00:37]} 34. Bxe4 {[%emt 0:02:38]} dxe4 {[%emt 0:00:05]} 35. Ne3 {[%emt 0:00:03]} Na4 {[%emt 0:02:45]} 36. Kd2 {[%emt 0:08:20]} Rd3+ {[%emt 0:04:52]} 37. Kc2 {[%emt 0:01:30]} Nc3 {[%emt 0:00:57]} 38. b6 {[%emt 0:01:21]} Kg7 {[%emt 0:02:27]} 39. Kb2 {[%emt 0:01:29]} Na4+ {[%emt 0:02:14]} 40. Kxa2 {[%emt 0:00:12]} Rxd4 {[%emt 0:00:27]} 41. Kb3 {[%emt 0:02:15]} Nxb6 {[%emt 0:00:23]} 42. Rd1 {[%emt 0:02:14]} Rxd1 {[%emt 0:00:30]} 43. Nxd1 {[%emt 0:00:01]} f5 {[%emt 0:02:05]} 44. Kb4 {[%emt 0:00:15]} Kf6 {[%emt 0:00:21]} 45. Kc5 {[%emt 0:00:38]} Nc8 {[%emt 0:00:01]} 46. Ne3 {[%emt 0:01:24]} Ke6 {[%emt 0:00:35]} 47. Nc4 {[%emt 0:00:48]} Kd7 {[%emt 0:01:31]} 48. Ne5+ {[%emt 0:00:27]} Kc7 {[%emt 0:00:09]} 49. Kd5 {[%emt 0:00:28]} Ne7+ {[%emt 0:00:27]} 50. Ke6 {[%emt 0:00:01]} Nc6 {[%emt 0:00:14]} 51. Nc4 {[%emt 0:01:07]} b5 {[%emt 0:00:18]} 52. Nd2 {[%emt 0:00:00]} Nb4 {[%emt 0:00:31]} 53. g4 {[%emt 0:00:36]} fxg4 {[%emt 0:01:44]} 54. hxg4 {[%emt 0:00:01]} Nd3 {[%emt 0:00:15]} 55. f5 {[%emt 0:00:41]} gxf5 {[%emt 0:02:55]} 56. gxf5 {[%emt 0:00:02]} Nxf2 {[%emt 0:00:06]} 57. f6 {[%emt 0:00:17]} e3 {[%emt 0:00:02]} 58. f7 {[%emt 0:01:57]} exd2 {[%emt 0:00:02]} 59. f8=Q {[%emt 0:00:09]} d1=Q {[%emt 0:00:05]} 60. Qc5+ {[%emt 0:00:11]} Kb7 {[%emt 0:00:33]} 61. Qxb5+ {[%emt 0:00:13]} Kc7 {[%emt 0:00:01]} 62. Qc5+ {[%emt 0:00:09]} Kb7 {[%emt 0:00:04]} 63. Qb5+ {[%emt 0:00:03]} 1/2-1/2

[Event "ESP-chT 2nd Division 2019"]
[Site "Linares"]
[Date "2019.08.23"]
[Round "7.12"]
[White "Blanco Acevedo, Cristobal Jose"]
[Black "Perez Garcia, Alejandro"]
[Result "0-1"]
[WhiteElo "2342"]
[BlackElo "2347"]
[Annotator "ChessBase"]
[PlyCount "118"]
[EventDate "2019.08.19"]
[EventType "team-tourn"]
[EventCountry "ESP"]
[SourceTitle "playchess.com"]
[Source "ChessBase"]
[SourceQuality "1"]
[TimeControl "5400+30"]

1. d4 {[%emt 0:01:37]} Nf6 {[%emt 0:00:24]} 2. c4 {[%emt 0:00:52]} e6 {[%emt 0:00:31]} 3. Nf3 {[%emt 0:00:19]} d5 {[%emt 0:00:26]} 4. Nc3 {[%emt 0:00:09]} c6 {[%emt 0:00:45]} 5. e3 {[%emt 0:00:11]} Nbd7 {[%emt 0:00:34]} 6. Qc2 {[%emt 0:00:05]} Bd6 {[%emt 0:00:55]} 7. g4 {[%emt 0:00:10]} h6 {[%emt 0:01:41]} 8. Rg1 {[%emt 0:02:29]} e5 {[%emt 0:00:55]} 9. h3 {[%emt 0:00:54]} a6 {[%emt 0:10:03]} 10. Bd2 {[%emt 0:02:30]} Qe7 {[%emt 0:13:30]} 11. O-O-O {[%emt 0:01:21]} e4 {[%emt 0:05:23]} 12. Nh4 {[%emt 0:02:05]} g6 {[%emt 0:03:01]} 13. c5 {[%emt 0:01:21]} Bh2 {[%emt 0:02:10]} 14. Rh1 {[%emt 0:00:32]} Bc7 {[%emt 0:03:53]} 15. f4 {[%emt 0:05:25]} b6 {[%emt 0:08:35]} 16. cxb6 {[%emt 0:03:46]} Nxb6 {[%emt 0:02:35]} 17. Be1 {[%emt 0:01:42]} Bd7 {[%emt 0:08:29]} 18. Kb1 {[%emt 0:00:33]} a5 {[%emt 0:05:32]} 19. Rc1 {[%emt 0:00:11]} Bd6 {[%emt 0:07:24]} 20. Ka1 {[%emt 0:01:12]} O-O {[%emt 0:02:22]} 21. Rg1 {[%emt 0:00:50]} Nh7 {[%emt 0:04:25]} 22. Be2 {[%emt 0:09:29]} Rfc8 {[%emt 0:00:42]} 23. Rf1 {[%emt 0:01:27]} c5 {[%emt 0:03:01]} 24. dxc5 {[%emt 0:00:31]} Bxc5 {[%emt 0:03:09]} 25. Qd2 {[%emt 0:00:09]} Nc4 {[%emt 0:04:06]} 26. Bxc4 {[%emt 0:02:12]} dxc4 {[%emt 0:00:07]} 27. f5 {[%emt 0:00:57]} g5 {[%emt 0:01:20]} 28. f6 {[%emt 0:06:19]} Nxf6 {[%emt 0:00:11]} 29. Nf5 {[%emt 0:00:41]} Bxf5 {[%emt 0:00:24]} 30. Rxf5 {[%emt 0:00:04]} a4 {[%emt 0:00:34]} 31. a3 {[%emt 0:03:51]} Rd8 {[%emt 0:00:42]} 32. Qf2 {[%emt 0:00:21]} Ra6 {[%emt 0:00:10]} 33. Na2 {[%emt 0:03:50]} Nd5 {[%emt 0:03:36]} 34. Rxc4 {[%emt 0:01:21]} Bxe3 {[%emt 0:02:27]} 35. Qe2 {[%emt 0:04:14]} Qe6 {[%emt 0:00:22]} 36. Nc3 {[%emt 0:08:00]} Nf4 {[%emt 0:02:45]} 37. Qf1 {[%emt 0:01:22]} Bd4 {[%emt 0:00:30]} 38. Nb5 {[%emt 0:03:11]} Be5 {[%emt 0:00:44]} 39. Bc3 {[%emt 0:04:18]} Bxc3 {[%emt 0:00:18]} 40. Nxc3 {[%emt 0:00:03]} Rad6 {[%emt 0:00:43]} 41. Rxe4 {[%emt 0:00:58]} Qb3 {[%emt 0:00:31]} 42. Re1 {[%emt 0:02:24]} Rb6 {[%emt 0:00:31]} 43. Rb5 {[%emt 0:01:57]} Rxb5 {[%emt 0:00:21]} 44. Qxb5 {[%emt 0:00:33]} Qxb5 {[%emt 0:00:36]} 45. Nxb5 {[%emt 0:00:01]} Nxh3 {[%emt 0:00:10]} 46. Rh1 {[%emt 0:00:09]} Nf2 {[%emt 0:00:17]} 47. Rxh6 {[%emt 0:00:28]} Nxg4 {[%emt 0:00:49]} 48. Ra6 {[%emt 0:00:14]} Ne3 {[%emt 0:00:21]} 49. Rxa4 {[%emt 0:00:39]} g4 {[%emt 0:00:38]} 50. Re4 {[%emt 0:00:05]} Rd1+ {[%emt 0:00:32]} 51. Ka2 {[%emt 0:00:05]} Re1 {[%emt 0:00:12]} 52. Nd4 {[%emt 0:00:39]} g3 {[%emt 0:00:10]} 53. Nf3 {[%emt 0:00:51]} g2 {[%emt 0:00:10]} 54. Kb3 {[%emt 0:02:05]} Rf1 {[%emt 0:00:10]} 55. Ng1 {[%emt 0:00:05]} Rxg1 {[%emt 0:00:28]} 56. Rxe3 {[%emt 0:00:05]} f5 {[%emt 0:00:17]} 57. Rg3+ {[%emt 0:00:08]} Kh7 {[%emt 0:01:03]} 58. Kc2 {[%emt 0:01:10]} f4 {[%emt 0:00:24]} 59. Rg4 {[%emt 0:00:13]} f3 {[%emt 0:00:25]} 0-1

[Event "ESP-chT 2nd Division 2019"]
[Site "Linares"]
[Date "2019.08.23"]
[Round "7.13"]
[White "Anaya Lopez, Victor Jose"]
[Black "Castilla Leon Salas, Carlos"]
[Result "1-0"]
[WhiteElo "2194"]
[BlackElo "2252"]
[Annotator "ChessBase"]
[PlyCount "79"]
[EventDate "2019.08.19"]
[EventType "team-tourn"]
[EventCountry "ESP"]
[SourceTitle "playchess.com"]
[Source "ChessBase"]
[SourceQuality "1"]
[TimeControl "5400+30"]

1. e4 {[%emt 0:00:00]} c5 {[%emt 0:00:22]} 2. Ne2 {[%emt 0:00:04]} Nc6 {[%emt 0:01:05]} 3. d4 {[%emt 0:02:57]} cxd4 {[%emt 0:00:09]} 4. Nxd4 {[%emt 0:00:03]} g6 {[%emt 0:00:51]} 5. c4 {[%emt 0:01:17]} Bg7 {[%emt 0:01:12]} 6. Be3 {[%emt 0:00:42]} Nf6 {[%emt 0:00:49]} 7. Nc3 {[%emt 0:00:03]} Ng4 {[%emt 0:01:35]} 8. Qxg4 {[%emt 0:00:20]} Nxd4 {[%emt 0:00:06]} 9. Qd1 {[%emt 0:00:28]} Ne6 {[%emt 0:00:32]} 10. Rc1 {[%emt 0:07:24]} d6 {[%emt 0:05:00]} 11. Qd2 {[%emt 0:07:51]} Qa5 {[%emt 0:00:30]} 12. Bd3 {[%emt 0:04:09]} g5 {[%emt 0:08:01]} 13. b3 {[%emt 0:13:02]} h5 {[%emt 0:10:57]} 14. h4 {[%emt 0:10:30]} g4 {[%emt 0:09:43]} 15. Nd5 {[%emt 0:08:13]} Qxd2+ {[%emt 0:02:19]} 16. Kxd2 {[%emt 0:03:12]} Bh6 {[%emt 0:14:57]} 17. f3 {[%emt 0:16:54]} gxf3 {[%emt 0:04:34]} 18. gxf3 {[%emt 0:00:20]} Bxe3+ {[%emt 0:01:12]} 19. Kxe3 {[%emt 0:00:32]} Kf8 {[%emt 0:03:04]} 20. b4 {[%emt 0:03:10]} b6 {[%emt 0:01:17]} 21. f4 {[%emt 0:02:19]} Bb7 {[%emt 0:03:19]} 22. Rhg1 {[%emt 0:03:58]} Rc8 {[%emt 0:05:55]} 23. Be2 {[%emt 0:01:38]} Ke8 {[%emt 0:07:55]} 24. f5 {[%emt 0:04:13]} Nd8 {[%emt 0:00:30]} 25. b5 {[%emt 0:02:23]} Bxd5 {[%emt 0:00:38]} 26. cxd5 {[%emt 0:00:26]} Rxc1 {[%emt 0:00:52]} 27. Rxc1 {[%emt 0:00:01]} Kd7 {[%emt 0:00:19]} 28. f6 {[%emt 0:01:18]} exf6 {[%emt 0:00:05]} 29. Bf1 {[%emt 0:01:12]} f5 {[%emt 0:02:33]} 30. Bh3 {[%emt 0:00:26]} Re8 {[%emt 0:03:06]} 31. Bxf5+ {[%emt 0:00:10]} Ke7 {[%emt 0:00:05]} 32. Rc7+ {[%emt 0:00:47]} Kf6 {[%emt 0:00:08]} 33. Kf4 {[%emt 0:00:57]} Re7 {[%emt 0:01:18]} 34. Rc8 {[%emt 0:02:31]} Nb7 {[%emt 0:02:17]} 35. Rc6 {[%emt 0:00:44]} Re8 {[%emt 0:04:19]} 36. Bc8 {[%emt 0:00:53]} Na5 {[%emt 0:03:29]} 37. Rxd6+ {[%emt 0:01:34]} Ke7 {[%emt 0:00:04]} 38. Rd7+ {[%emt 0:00:11]} Kf6 {[%emt 0:00:26]} 39. Rc7 {[%emt 0:00:21]} Re7 {[%emt 0:00:29]} 40. d6 {[%emt 0:01:31]} 1-0